000
00294nam a22001337a 4500
008
170619b xxu||||| |||| 00| 0 eng d
020
_a
9780814751459
041
_a
eng
080
_a
94
100
_a
20
101
_a
SHP
245
_a
THE WOMEN & WAR READER
_c
LORENTZEN,L.A
942
_2
udc
_c
BK
999
_c
18078
_d
18078